000 00480nam a2200181Ia 4500
999 _c14233
_d14233
003 OSt
005 20201103094358.0
008 190216s9999||||xx |||||||||||||| ||und||
020 _a0552152137
040 _coclc
082 _a813.54
_bHIA/S
100 _aHiaasen, Carl
_96204
245 0 _aSkinny Dip /
_cCarl Hiaasen
260 _bBlack Swan,
_c2004.
_aLondon:
300 _a476p
650 _aEnglish
942 _cBK
_2ddc
_h813.54
_iHIA/S
_k813.54
_mHIA/S